000 00559nam a22001937a 4500
999 _c12038
_d12038
008 220228b 2013 ||||| |||| 00| 0 eng d
020 _a9788126534401
082 _a629.83
_bGOL
100 _aGolnaraghi, Farid
245 _aAutomatic control systems
260 _aNew Delhi
_bWiley India Pvt. Ltd
_c2013
300 _axvi, 826p.
650 _aMathematical Foundation
650 _aBlock Diagrams and Signal-Flow Graphs
650 _aThe Control Lab
700 _aKuo, Benjamin C.
_eCo-author
700 _aSridhar, Kunche
_eCo-author
942 _cBK